Every Native American Language in: US/Canada/Greenland - Statistics

General Stats
  • This quiz has been taken 50 times
  • The average score is 65 of 324
Answer Stats
Speakers Answer English Name/Exonym % Correct
170k Diné bizaad / Naabeehó bizaad Navajo
95%
2.1k Tsalagi Gawonihisdi / ᏣᎳᎩ ᎦᏬᏂᎯᏍᏗ Cherokee
89%
65k~ Anishinaabemowin Eastern Ojibwa Central Ojibwa Northwestern Ojibwa Nakawēmowin / ᓇᐦᑲᐌᒧᐎᓐ Nishnaabemwin / Daawaamwin Ojibwe Eastern Ojibwa Central Ojibwa Northwestern Ojibwa Western Ojibwa / Saulteaux Ottawa / Odawa
87%
400 Īyiyū Ayimūn / ᐄᔨᔫ ᐊᔨᒨᓐ Īnū Ayimūn / ᐄᓅ ᐊᔨᒨᓐ East Cree
87%
3k Ililîmowin / ᐃᓕᓖᒧᐎᓐ Moose Cree
87%
2.1k Lakȟótiyapi Lakota / Teton Sioux
87%
1.8k Nêhinawêwin / ᓀᐦᐃᓇᐍᐏᐣ Swampy Cree
87%
3.2k nēhiyawēwin / ᓀᐦᐃᔭᐍᐏᐣ Plains Cree
87%
1.8k Nīhithawīwin / ᓀᐦᐃᖬᐍᐏᐣ Woods Cree
87%
290 Dakȟótiyapi Dakota
84%
13.6k Anishininiimowin / ᐊᓂᔑᓂᓂᒧᐏᐣ Oji-Cree / Severn Ojibwa
82%
7k Anishinaabemowin / ᐊᓂᐦᔑᓈᐯᒧᐎᓐ Chippewa
79%
49.5k Kalaallisut / Kitaamiisut West Greenlandic
79%
3.8k Kanienʼkéha Mohawk
79%
42k Inuktitut / ᐃᓄᒃᑎᑐᑦ Eastern Canadian Inuktitut
76%
3.2k Tunumiisut East Greenlandic
71%
9.6k Chahta anumpa Choctaw
68%
<400 Mvskoke Muscogee / Creek
68%
290 Hitchiti-Mikasuki Mikasuki / Seminole / Miccosukee
66%
2.9k Niitsíʼpowahsin Blackfoot
66%
<64 Séliš / Qalispé Flathead / Kalispel–Pend d'oreille
63%
6.1k Hopilàvayi Hopi
61%
1.2k Uqausriq Iñupiatun Qawiaraq-Iŋaliq-Kiŋikmiut-Ugiuvaŋmiut Malimiutun-Siḷaliñiġmiutun Iñupiaq Seward Peninsula Iñupiaq Northern Alaskan Iñupiaq
58%
>100 Onöndowaʼga꞉ʼ Seneca
58%
220~ Onʌyotaʔa꞉ka Oneida
58%
1k Unangam Tunuu / Уна́ӈам тунуу́ Aleut
58%
19.7k Yupʼik / Yugtun / Cugtun Central Alaskan Yupik
58%
2k Sosoni' ta̲i̲kwappe / Neme ta̲i̲kwappeh Shoshoni-Gosiute
55%
13-24 X̱aat Kíl / X̱aadas Kíl / X̱aayda Kil Haida
55%
4.1k Apsáalooke aliláau Crow
53%
250 Hoocą́k hoit'éra Ho-Chunk / Winnebago
53%
<9 Nʉmʉ Tekwapʉ̲ Comanche
53%
180 Lingít Tlingit
50%
9.6k Shiwiʼma Zuni / Zuñi
50%
125~ Gayogo̱hó꞉nǫˀ Cayuga
47%
1.1k Hinónoʼeitíít Arapaho
47%
1.1k Metotheeneniaatoweeheni Kickapoo
47%
150 Nakʰóda Assiniboine / Stoney / Nakoda / Nakota
47%
>40 Onoñda’gegá’ Onondaga
47%
16.3k Oʼodham ha-ñeʼokĭ Oʼodham (Hia C-eḍ/Akimel/Tohono)
47%
789 Tsėhesenėstsestȯtse Cheyenne
47%
520 Wampanoag / Wôpanâôtuwâôk Massachusett
47%
370 Albaamo innaaɬiilka Alabama / Alibamu
45%
75 Chikashshanompaꞌ Chickasaw
45%
11.3k Dënesųłinë́ yatié / ᑌᓀ ᓱᒼᕄᓀ ᔭᕠᐁ Chipewyan
45%
7.1k Miꞌkmawiꞌsimk / Lnuismk / Miꞌkmwei Mi'kmaq
45%
250 Thâkiwâtowêweni-Meshkwahkihaki Sauk-Fox
45%
1 Chinuk Wawa / 𛰣𛱇‌𛰚𛱛𛰅 𛱜‌𛱜 Chinook Jargon
42%
3k Îyethka Îabi / Îyethka wîchoîe Stoney / Nakota / Nakoda / Isga
42%
24.3k ʻōlelo Hawaiʻi Hawaiian
42%
≥0 Skarò·rə̨ˀ Tuscarora
42%
≥0 Waⁿdat Wyandot / Huron
42%
3.3k Anicinâbemowin Algonquin
39%
5 bodwéwadmimwen Potawatomi
39%
60~ Kwatsáan Iiyáa Quechan / Yuma
39%
920 núu-'apaghapi̱ / Chemehuevi Colorado River Numic / Ute–Southern Paiute
39%
≥0 Hasí꞉nay Caddo
37%
13.4k Ndee biyáti' / Nṉee biyáti' Western Apache
37%
60 omǣqnomenēweqnæsewen Menominee
37%
200 saawanwaatoweewe Shawnee
37%
20 Ǥáuiđòᵰ꞉gyà Kiowa
34%
560 Dinjii Zhuʼ Ginjik Gwichʼin
34%
472 dxʷləšucid / txʷəlšucid / xʷəlšucid Lushootseed / Skagit / Snohomish
34%
4.5k Eastern Keres Eastern Keres
34%
1 Huluníixsuwaakan Munsee
34%
500 myaamia Miami–Illinois / Wabash
34%
≥0 Okáxpa Quapaw / Arkansas
34%
125 Čiškíin-Ichishkíin Sɨ́nwit Sahaptin / Umatilla / Yakama / Walla Walla
32%
2.6k~ Inuvialuktun Iglulingmiut Aivilingmiutut Kivallirmiutut Natsilingmiutut / ᓇᑦᕠᓕᖕᒥᐅᑐᑦ Sallirmiutun Inuvialuktun North Baffin Aivilik Caribou / Kivalliq Netsilik Siglitun
32%
3.4k Western Keres (Áakʼu-Kawaika) Western Keres
32%
200 Hamakhav Mojave / Mohave
32%
≥0 Kirikirʔi:s Wichita
32%
<10 Pawnee Pawnee
32%
1.6k Tewa Tewa
32%
1.7k Tłı̨chǫ Yatıì Dogrib
32%
40 Báxoje-Jíwere-Nyútʼachi Iowa–Otoe–Missouria / Chiwere
29%
10k Innu-aimun Montagnais
29%
12 Kaáⁿze Kansa / Kaw
29%
≥1 Mohiks-Piqut Uyôtowáwôk Mohegan-Pequot
29%
4 Sgüüx̣s / Sgüümk Southern Tsimshian
29%
278 Sm'algya̱x Coast Tsimshian
29%
0 Erie Erie
26%
≥1 Eyak Eyak
26%
6 Häł gołan Hän
26%
≥1 Kikitowämak Powhatan / Virginia Algonquian
26%
6 Na·šceh Natchez
26%
700 Numu / nɨɨmɨ Northern Paiute / Paviotso
26%
85 Umoⁿhoⁿ–Páⁿka Omaha–Ponca
26%
20 𐓏𐒰𐓓𐒰𐓓𐒷 𐒻𐒷‎ / Wažáže ie Osage
26%
65~ Denaakkenaageʼ Koyukon
24%
50 Yokuts Palewyami Yokuts Buena Vista Yokuts Wikchamni-Yawdanchi-Bokninuwad Gashowu Choynimni-Chukaymina-Michahay-Ayitcha Valley Yokuts Delta Yokuts Northern Valley Yokuts Southern Valley Yokuts Yokuts Poso Creek Yokuts Buena Vista Yokuts Tule–Kaweah Yokuts Gashowu Kings River Yokuts Valley Yokuts Delta Yokuts Northern Valley Yokuts Southern Valley Yokuts
24%
410 skicinuwatuwewakon (Wolastoqey / Peskotomuhkati) Maliseet-Passamaquoddy
24%
17 ItNuxalkmc Nuxalk / Bella Coola
24%
60 Luhchi Yoroni Tunica / Yuron
24%
91 Mono Mono / Owens Valley Paiute
24%
110 Nee'aanèegn' Upper Tanana
24%
20 niimiipuutímt Nez Percé
24%
350 Pueleekla’ Yurok
24%
364 Sḵwx̱wú7mesh sníchim Squamish
24%
0 Tanêksąyaa ade Biloxi
24%
20.6k Yoem Noki Yaqui
24%
750~ Yupigestun / Akuzipigestun Central Siberian Yupik / Yuit
24%
0 Beothuk Beothuk
21%
>0 Chamꞌteela Luiseño–Juaneño
21%
5 Denaʼina Qenaga Denaʼina / Tanaina
21%
1.4k Dené Dháh / ᑌᓀ ᒐ South Slavey
21%
0 Shasta Ikirakácˑu Iruhikwáˑcˑu Uwáˑtuhúcˑu Ahútˑireˀeˑcˑu Shasta Oregon Shasta Klamath River Shasta Scott Valley Shasta Shasta Valley Shasta
21%
1.5k Ndee bizaa Chiricahua
21%
<50 Npoqínišcn Spokane
21%
400 Sugt’stun / Alutiit’stun Alutiiq / Pacific Gulf Yupik
21%
0 Timucua-Teouachi Timucua-Teouachi
21%
12 Tsoyaha Yuchi / Euchee
21%
≥0 Ye Iswąˀ / Katába nieyé wuininare Catawba
21%
0 Apalachee Apalachee
18%
800 K’ashógot’įne-Sahtúgot’įné-Shíhgot’įne ᑲᑊᗱᑯᑎᑊᓀ-ᓴᑋᕲᒼᑯᑎᑊᓀ-ᗰᑋᑯᑎᑊᓀ North Slavey
18%
300~ Kowassá꞉ti Koasati / Coushatta
18%
≥1 Sitimaxa / Čitimaaša Chitimacha
18%
1.6k Southern Tiwa Southern Tiwa
18%
800 Taos Taos
18%
3k Towa Jemez / Hemish
18%
20 wá꞉šiw ʔítlu Washo
18%
510 Abáachi mizaa Jicarilla
16%
2 Deg Xinag Deg Xinag
16%
5 Dinakʼi Upper Kuskokwim
16%
520~ St̓át̓imcets / Lil̓wat7úlmec Lillooet
16%
0 Karankawa Karankawa
16%
345 Ktunaxa Kutenai
16%
450 Kwak̓wala / Liq̓ʷala Kwakʼwala / Liqʼwala
16%
0 Laurentian St. Lawrence Iroquoian
16%
6 Maarrênga'twich Serrano–Vanyume
16%
0 Mahican Mohican
16%
≥0 Maqlaqsyals Klamath–Modoc
16%
1 Menhti Kenaga Lower Tanana
16%
45 'ɔ'ɔ́ɔ́ɔ́naakíit'ɔ Gros Ventre / Atsina
16%
35 Piipaash chuukwer / Xalychidoma chuukwer Maricopa / Piipaash
16%
10 Sáhniš Arikara
16%
4 Snchitsu’umshtsn Coeur d'Alene
16%
≥1 Soulatluk Wiyot
16%
≥1 Tonkawa Tonkawa
16%
≥1 Ukomno'm Yuki
16%
0 Yana Yana
16%
245 Yavapai Yavapai
16%
6.2k atikamekw nehiromowin Atikamekw
13%
>47 ʔayʔajuθəm Comox / Sliammon
13%
1.2k Dakelh / ᑕᗸᒡ Carrier & Southern Carrier
13%
1.5k Havasupai–Hualapai Havasupai–Hualapai / Upland Yuman
13%
<65 hiraaciré’ Hidatsa
13%
0 Hutyáyu / Hutyéyu Tillamook
13%
1.3k Inuinnaqtun / ᐃᓄᐃᓐᓇᖅᑐᓐ‎ Inuinnaqtun
13%
0 Ishakkoy Atakapa
13%
15 Koht’aene Kenaege' Ahtna / Copper River / Mednovskiy
13%
≥0 Kʷoʔlí·yot̓ Quileute
13%
0 Liksiyu Cayuse
13%
319 Májdy Northeastern Maidu
13%
0 Narragansett Narragansett
13%
51~ Na꞉tinixwe Mixine꞉wheʼ Hupa
13%
≥1~ Ndé miizaa Lipan Apache
13%
<10 Neeʼaanděgʼ Tanacross / Transitional Tanana
13%
≥0 Nų́ų́ʔetaa íroo Mandan
13%
125 n̓x̌ʷʔiłpcən / snslxcin / Nespelem / n̓səl̓xčin̓ Colville-Okanagan
13%
0 Tenánat Hadéyas Adai
13%
240 Dene Zágéʼ Kaska
11%
105 North Straits Salish Xwlemi Chosen SENĆOŦEN / W̱SÁNEĆḴEN Xws7ámeshqen SEMYOME lək̓ʷəŋiʔnəŋ SO¸EȻ North Straits Salish Lummi Saanich Samish Semiahmoo Songhees / Songish / Lekwungen T'sou-ke / Sooke
11%
226 Háiɫzaqvḷa-’Wuik̓ala Heiltsuk–Oowekyala / Bella Bella / Wuikyala
11%
280~ Halq̓eméylem / Hul̓q̓umín̓um̓ / hən̓q̓əmin̓əm̓ Halkomelem
11%
≥0 há·nis Hanis / Coos
11%
0 Kiowa Apache Plains Apache
11%
545 Kumeyaay Kumeyaay / Central Diegueño
11%
≥0 Micewal Wappo
11%
1.2k ᓇᔅᑲᐱ / naskapi Naskapi
11%
0 Nipmuck Loup 1
11%
945 nuučaan̓uɫ / T̓aat̓aaqsapa Nuu-chah-nulth / Nootka
11%
0 Ofo / Mosopelea Ofo / Mosopelea
11%
0 Tā̀gish Dene K'e / Tagish
11%
14 Alnôbaôdwawôgan Western Abenaki
8%
0 Alsí·ya–Yuqú·na Alsea–Yaquina
8%
42 Araráhih Karuk
8%
1 Bahtssal Eastern Pomo / Clear Lake Pomo
8%
0 Cheroenhaka Nottoway-Meherrin
8%
0 Chico Valley Maidu
8%
270 Dane-zaa Ẕáágéʔ / ᑕᓀᖚ ᖚᗀᐥ Dane-zaa / Beaver
8%
>24 Hand Talk Great Basin Sign Language Plains Sign Talk Coast Salish Sign Language Chumash Sign Language Southwest Hand Talk Plains Indian Sign Language Great Basin Indian Sign Language Plains (Dialect) Indian Sign Language Coast Salish Sign Language Chumash Sign Language Southwest Indian Sign Language
8%
33k naáyarite (El Nayar & Santa Teresa) Cora
8%
≥0 eyooshiraaw Tongva / Gabrieleño / Kizh
8%
0 Huelel Esselen
8%
≥0 Ivilyuat Cahuilla
8%
6~ Kʷínaył Quinault
8%
135 Nedut'en–Witsuwitʼen Babine–Witsuwitʼen
8%
0 New River Shasta New River Shasta
8%
≥0 nəxʷsƛ̕ay̕əmúcən Klallam
8%
3~ Nisena·n Southern Maidu / Nisenan
8%
1.9k Nisg̱a’a / nisqáʔamq Nisga'a
8%
105 Nłeʔkepmxcín Thompson River Salish
8%
≥0 Northern Pomo Northern Pomo
8%
0 Norwottuck Loup 2
8%
20 Nümü nangkawih / Sosoni nangkawih Timbisha / Panamint / Koso
8%
0 Pajalate / Coahuilteco Pajalate / Coahuilteco
8%
0 Pocumtuck Loup 3/4
8%
0 Pojassick Loup 6
8%
≥0 ƛʼpúlmixq Cowlitz
8%
>1 qʷi·qʷi·diččaq Makah
8%
≥0 Rumsen San Carlos Costanoan
8%
0 Šáayušƛa / Qúuiič Siuslaw / Lower Umpqua
8%
0 Salinan Salinan
8%
1.3k Secwépemctsín Shuswap
8%
≥2 Šmuwič Barbareño
8%
≥0 Southern Pomo Southern Pomo
8%
≥10~ Taa-laa-wa Dee-ni’ Wee-ya’ Tolowa / Siletz Dee-ni
8%
≥0 Wailaki Eel River
8%
1~ Wintu / Wintʰuh Northern Wintun
8%
60k Wixárika Niukiyari Huichol
8%
0 Woromco Loup 5
8%
240 X̄a'islak̓ala / X̌àh̓isl̩ak̓ala Haisla
8%
0 Yué Comecrudo / Carrizo
8%
0 Alənαpαtəwéwαkan Eastern Abenaki
5%
0 Atsugé Atsugewi
5%
0 Attawandaron Neutral Huron
5%
≥0 Cahto Kato
5%
12 Central Sierra Miwok Central Sierra Miwok
5%
0 C'imariko Chimariko
5%
0 Conestoga Susquehannock
5%
0 Cotoname Cotoname
5%
7 diitiid7aa7tx / diitiidʔaaʔtx̣ Ditidaht / Nitinaht
5%
0 Doogh Qinag Holikachuk
5%
1.5k Gitxsanimaax / Gitxsanimx Gitxsan
5%
6 'Iipay aa Ipay / Northern Diegueño
5%
≥0 ís siwa wó disi Achumawi / Pit River Indian
5%
12 Kʼahšá:ya Southwestern Pomo / Kashaya
5%
270 Kiksht Upper Chinook
5%
0 Konomihu Konomihu
5%
3 Koyoom kʼawi Northwest Maidu / Konkow
5%
550 Kwikapa Cocopah
5%
0 Mitsqanaqa'n / mitsqanaqan̓ Ventureño
5%
0 Moneton Moneton
5%
0 Nawathi'nehena Nawathinehena
5%
1 Nɨwɨ'abigidɨ / Nɨwɨ'abigipɨ Kawaiisu
5%
0 Nxaʔamxcín Columbia-Wenatchi / Columbia-Moses
5%
0 Okwanuchu Okwanuchu
5%
0 Pahkaʼanil Tübatulabal
5%
1 Patwin Southern Wintun / Patwin
5%
≥1 Pənƛ’áč Pentlatch
5%
225 Picuris Picuris
5%
0 Plains Miwok / Valley Miwok Plains Miwok / Valley Miwok
5%
≥0 Ramaytush Ramaytush / San Francisco
5%
0 Saclan / Saklan Bay Miwok
5%
0 Solano / Olelato Solano / Olelato
5%
0 Southern Patwin Southern Patwin
5%
3 Southern Sierra Miwok Southern Sierra Miwok / Yosemite
5%
3~ Ta:kɛlmàʔn Takelma
5%
0 Tamyen Santa Clara / Tamien
5%
0 Teguima / Opata Ópata
5%
100 Tiipai Tipay
5%
135 Tse'khene Sekani
5%
80 Tsúùtʼínà Gūnáhà Sarcee / Tsuutʼina
5%
0 Tualatin-Yamhala Northern Kalapuya
5%
≥1 tuwaduq / squqəʔbəš Twana / Skokomish
5%
≥0 Wënami èlixsuwakàn Unami
5%
0 Wenro Wenrohronon
5%
0 Wetaŀ Tsʼetsaʼut
5%
≥0 Woccon Woccon
5%
≥0 Yesá:sahį́ Tutelo-Saponi
5%
800 avanersuarmiutut Inuktun / Polar Inuit
3%
0 ʔawas-was Awaswas / Santa Cruz
3%
0 Central Pomo Central Pomo
3%
0 Chalon / Soledad Chalon / Soledad
3%
0 Coast Miwok Coast Miwok
3%
0 Cruzeño Isleño / Island Chumash
3%
0 Cuyama / Kuyam Interior Chumash
3%
235 dah dẕāhge / Tałtan ẕāke Tahltan
3%
158~ Dän kʼè Southern Tutchone
3%
201~ Dän kʼí Northern Tutchone
3%
12 Dotodəni Tututni / Lower Rogue River
3%
0 Etnemitane Upper Umpqua
3%
>47 Inuit Uukturausingit / ᐃᓄᐃᑦ ᐆᒃᑐᕋᐅᓯᖏᑦ Inuit Sign Language
3%
0 Karkin Karkin / Carquin
3%
0 Kathlamet Cathlamet / Middle Chinook
3%
<650 Keresan Sign Language / Keresign Keresan Sign Language
3%
0 Kitanemuk Kitanemuk
3%
0 Kitsai / Kichai Kitsai / Kichai
3%
0 Kupangaxwicham Pe'me̲melki Cupeño
3%
0 Lake Miwok Lake Miwok
3%
0 Łəw̓ál̕məš / ɬəw̓ál̓məš Lower Chehalis
3%
1 Lhéchelesem Nooksack
3%
>1 lisiánish Chochenyo / East Bay Costanoan
3%
0 Mattole–Bear River Mattole–Bear River
3%
140~ Menominee Sawmill Sign Language Menominee Sawmill Sign Language
3%
0 Mihshikamiia Mitchigamea
3%
≥0 Mutsun San Juan Bautista Costanoan
3%
≥0 Nanticoke Nanticoke
3%
10~ Navajo Family Sign Navajo Family Sign
3%
≥1 Nomlāqa Bōda Central Wintun / Nomlaki
3%
0 Northern Sierra Miwok Northern Sierra Miwok
3%
60 Nuvuqaghmiistun / Нывуӄаӷмистун Naukan Yupik
3%
>3 Onʌyoteˀa·ká· Sign Language Oneida Sign Language
3%
740 Oʼob Noʼok Pima Bajo
3%
0 Piro Piro Pueblo
3%
0 Plateau Sign Language Plateau Sign Language
3%
0 q̓ʷay̓áyiɬq̓ Upper Chehalis
3%
≥0 Sʰamala Ineseño
3%
7 Southeastern Pomo Southeastern Pomo
3%
0 Taltushtuntede–Dakubetede Upper Rogue River / Galice-Applegate
3%
0 Tataviam / Tatavium Tataviam / Tatavium
3%
0 Tionontati Tobacco / Pétun
3%
0 Tsinúk Lower Chinook
3%
0 Vanyume Beñemé / Vanyumé / Desert Serrano
3%
≥1 ʔa·qanⱡiⱡⱡitnam Ktunaxa Sign Language
0%
0 Aqoʞúlo Chemakum
0%
0 Central Kalapuya Central Kalapuya
0%
0 Halchidhoma Halchidhoma / Jalchedom
0%
40 Hoailona ʻŌlelo o Hawaiʻi Hawaiʻi Sign Language
0%
0 Kwalhioqua–Tlatskanai Kwalhioqua–Clatskanie
0%
0 Meakán Garza
0%
≥1 miluk tɬiis Miluk / Lower Coquille
0%
0 Molala Molala
0%
0 Nicola Nicola Valley Athabaskan
0%
0 Nicoleño Island Takic / Nicoleño
0%
0 Northeastern Pomo / Salt Pomo Northeastern Pomo / Salt Pomo
0%
0 Purisimeño Purisimeño
0%
0 Scahentoarrhonon Scahentoarrhonon
0%
4 she shashishalhem Sechelt / shíshálh
0%
≥0 tiłhini Obispeño
0%
860 Tŝinlhqutʼin / Nenqayni Chʼih Chilcotin
0%
0 Xat estok Mamulique
0%
0 Yoncalla Southern Kalapuya
0%
No matching quizzes found
Score Distribution
Percent of People with Each Score
Percentile by Number Answered
Your Score History
You have not taken this quiz